<?xml version="1.0" encoding="UTF-8"?>
<record
    xmlns:xsi="http://www.w3.org/2001/XMLSchema-instance"
    xsi:schemaLocation="http://www.loc.gov/MARC21/slim http://www.loc.gov/standards/marcxml/schema/MARC21slim.xsd"
    xmlns="http://www.loc.gov/MARC21/slim">

  <leader>01455nam a22002777a 4500</leader>
  <controlfield tag="001">1083</controlfield>
  <controlfield tag="005">20240627142559.0</controlfield>
  <datafield tag="020" ind1=" " ind2=" ">
    <subfield code="a">9789995054342</subfield>
  </datafield>
  <datafield tag="040" ind1=" " ind2=" ">
    <subfield code="a">FISKH </subfield>
    <subfield code="b">eng</subfield>
    <subfield code="c">FISKH </subfield>
    <subfield code="d">FISKH </subfield>
  </datafield>
  <datafield tag="082" ind1=" " ind2=" ">
    <subfield code="a">779.2</subfield>
  </datafield>
  <datafield tag="100" ind1=" " ind2=" ">
    <subfield code="a">Vanthary, Oum</subfield>
  </datafield>
  <datafield tag="245" ind1=" " ind2=" ">
    <subfield code="a">&#x179F;&#x17C0;&#x179C;&#x1797;&#x17C5;&#x179A;&#x17BC;&#x1794;&#x1797;&#x17B6;&#x1796;&#x1787;&#x17BB;&#x17C6;&#x179C;&#x17B7;&#x1789;&#x1781;&#x17D2;&#x179B;&#x17BD;&#x1793;&#x1781;&#x17D2;&#x1789;&#x17BB;&#x17C6; /</subfield>
  </datafield>
  <datafield tag="246" ind1=" " ind2=" ">
    <subfield code="a">Picture book around me</subfield>
  </datafield>
  <datafield tag="250" ind1=" " ind2=" ">
    <subfield code="a">10th Published in November 2021. </subfield>
  </datafield>
  <datafield tag="260" ind1=" " ind2=" ">
    <subfield code="a">Phnom Penh : </subfield>
    <subfield code="b">Sipar, </subfield>
    <subfield code="c">2021</subfield>
  </datafield>
  <datafield tag="300" ind1=" " ind2=" ">
    <subfield code="a">22 pages : </subfield>
    <subfield code="b">color illustrations ;</subfield>
    <subfield code="c">20 x 21 cm.</subfield>
  </datafield>
  <datafield tag="505" ind1=" " ind2=" ">
    <subfield code="a">G
</subfield>
  </datafield>
  <datafield tag="520" ind1=" " ind2=" ">
    <subfield code="a">&#x179F;&#x17C0;&#x179C;&#x1797;&#x17C5;&#x1793;&#x17C1;&#x17C7;&#x179A;&#x17C0;&#x1794;&#x179A;&#x17B6;&#x1794;&#x17CB;&#x17A2;&#x17C6;&#x1796;&#x17B8; &#x1782;&#x17D2;&#x179A;&#x17BD;&#x179F;&#x17B6;&#x179A; &#x178A;&#x1784;&#x1781;&#x17D2;&#x179B;&#x17BD;&#x1793; &#x1794;&#x1793;&#x17D2;&#x1791;&#x1794;&#x17CB;&#x1791;&#x1791;&#x17BD;&#x179B;&#x1797;&#x17D2;&#x1789;&#x17C0;&#x179C; &#x179F;&#x1798;&#x17D2;&#x179B;&#x17C0;&#x1780;&#x1794;&#x17C6;&#x1796;&#x17B6;&#x1780;&#x17CB; &#x1795;&#x17D2;&#x1791;&#x17C7; &#x1794;&#x1793;&#x17D2;&#x1791;&#x1794;&#x17CB;&#x1794;&#x17B6;&#x1799; &#x1794;&#x17D2;&#x179A;&#x178A;&#x17B6;&#x1794;&#x17CB;&#x179B;&#x17C1;&#x1784; &#x179F;&#x17B6;&#x179B;&#x17B6;&#x179A;&#x17C0;&#x1793; &#x1794;&#x1793;&#x17D2;&#x1791;&#x1794;&#x17CB;&#x1791;&#x17B9;&#x1780; &#x179A;&#x17C4;&#x1784;&#x1787;&#x17B6;&#x1784;&#x17D4;
&#x179F;&#x1798;&#x17D2;&#x179A;&#x17B6;&#x1794;&#x17CB;&#x1798;&#x178F;&#x17C1;&#x1799;&#x17D2;&#x1799;&#x1780;&#x1798;&#x17D2;&#x179A;&#x17B7;&#x178F;&#x1791;&#x17B6;&#x1794;
</subfield>
  </datafield>
  <datafield tag="520" ind1=" " ind2=" ">
    <subfield code="a">Basic vocabulary is introduced to children with paintings, pictures around us such as family, body, clothes, toys, house, school, living room, bedroom, kitchen, bathroom, and work shop.</subfield>
  </datafield>
  <datafield tag="521" ind1=" " ind2=" ">
    <subfield code="a">350 
</subfield>
    <subfield code="b">Lexile estimate 
</subfield>
  </datafield>
  <datafield tag="521" ind1=" " ind2=" ">
    <subfield code="a">G 
</subfield>
    <subfield code="b">Raz-Plus </subfield>
  </datafield>
  <datafield tag="650" ind1=" " ind2=" ">
    <subfield code="a">&#x179A;&#x17BC;&#x1794;&#x1797;&#x17B6;&#x1796;</subfield>
    <subfield code="v">&#x1795;&#x17D2;&#x1793;&#x17C2;&#x1780;&#x1793;&#x17C3;&#x179A;&#x17B6;&#x1784;&#x1780;&#x17B6;&#x1799;</subfield>
    <subfield code="x">&#x179F;&#x1780;&#x1798;&#x17D2;&#x1798;&#x1797;&#x17B6;&#x1796;</subfield>
  </datafield>
  <datafield tag="650" ind1=" " ind2=" ">
    <subfield code="a">Pictures </subfield>
    <subfield code="v">Body part</subfield>
    <subfield code="x">activities</subfield>
  </datafield>
  <datafield tag="700" ind1=" " ind2=" ">
    <subfield code="a">Visuth, Seng</subfield>
    <subfield code="c">illustrator</subfield>
  </datafield>
  <datafield tag="942" ind1=" " ind2=" ">
    <subfield code="2">ddc</subfield>
    <subfield code="c">BK</subfield>
    <subfield code="n">0</subfield>
  </datafield>
  <datafield tag="999" ind1=" " ind2=" ">
    <subfield code="c">1083</subfield>
    <subfield code="d">1083</subfield>
  </datafield>
  <datafield tag="952" ind1=" " ind2=" ">
    <subfield code="0">0</subfield>
    <subfield code="1">0</subfield>
    <subfield code="2">ddc</subfield>
    <subfield code="4">0</subfield>
    <subfield code="7">0</subfield>
    <subfield code="8">Khmer-English Bilingual </subfield>
    <subfield code="a">001</subfield>
    <subfield code="b">001</subfield>
    <subfield code="c">KHRS</subfield>
    <subfield code="d">2023-07-21</subfield>
    <subfield code="l">2</subfield>
    <subfield code="o">VAN 779.2</subfield>
    <subfield code="p">2023-0140</subfield>
    <subfield code="r">2025-11-13 14:39:26</subfield>
    <subfield code="s">2025-08-22</subfield>
    <subfield code="t">1</subfield>
    <subfield code="w">2023-07-21</subfield>
    <subfield code="y">KHB</subfield>
  </datafield>
  <datafield tag="952" ind1=" " ind2=" ">
    <subfield code="0">0</subfield>
    <subfield code="1">0</subfield>
    <subfield code="2">ddc</subfield>
    <subfield code="4">0</subfield>
    <subfield code="7">0</subfield>
    <subfield code="8">Khmer-English Bilingual </subfield>
    <subfield code="a">001</subfield>
    <subfield code="b">001</subfield>
    <subfield code="c">KHRS</subfield>
    <subfield code="d">2023-07-21</subfield>
    <subfield code="l">1</subfield>
    <subfield code="o">VAN 779.2</subfield>
    <subfield code="p">2023-0141</subfield>
    <subfield code="r">2024-12-04 14:45:57</subfield>
    <subfield code="s">2024-08-13</subfield>
    <subfield code="t">2</subfield>
    <subfield code="w">2023-07-21</subfield>
    <subfield code="y">KHB</subfield>
  </datafield>
  <datafield tag="952" ind1=" " ind2=" ">
    <subfield code="0">0</subfield>
    <subfield code="1">0</subfield>
    <subfield code="2">ddc</subfield>
    <subfield code="4">0</subfield>
    <subfield code="7">0</subfield>
    <subfield code="8">Khmer-English Bilingual </subfield>
    <subfield code="a">001</subfield>
    <subfield code="b">001</subfield>
    <subfield code="c">OKHR</subfield>
    <subfield code="d">2024-06-27</subfield>
    <subfield code="l">0</subfield>
    <subfield code="o">VAN 779.2</subfield>
    <subfield code="p">FISTKG1B025</subfield>
    <subfield code="r">2024-06-27 14:26:45</subfield>
    <subfield code="t">3</subfield>
    <subfield code="w">2024-06-27</subfield>
    <subfield code="y">KHB</subfield>
  </datafield>
  <datafield tag="952" ind1=" " ind2=" ">
    <subfield code="0">0</subfield>
    <subfield code="1">0</subfield>
    <subfield code="2">ddc</subfield>
    <subfield code="4">0</subfield>
    <subfield code="7">0</subfield>
    <subfield code="8">Khmer-English Bilingual </subfield>
    <subfield code="a">001</subfield>
    <subfield code="b">001</subfield>
    <subfield code="c">OKHR</subfield>
    <subfield code="d">2024-06-27</subfield>
    <subfield code="l">0</subfield>
    <subfield code="o">VAN 779.2</subfield>
    <subfield code="p">FISTK03478</subfield>
    <subfield code="r">2024-07-01 08:08:20</subfield>
    <subfield code="t">4</subfield>
    <subfield code="w">2024-06-27</subfield>
    <subfield code="y">KHB</subfield>
  </datafield>
  <datafield tag="952" ind1=" " ind2=" ">
    <subfield code="0">0</subfield>
    <subfield code="1">0</subfield>
    <subfield code="2">ddc</subfield>
    <subfield code="4">0</subfield>
    <subfield code="7">0</subfield>
    <subfield code="8">Khmer-English Bilingual </subfield>
    <subfield code="a">001</subfield>
    <subfield code="b">001</subfield>
    <subfield code="c">OKHR</subfield>
    <subfield code="d">2024-07-01</subfield>
    <subfield code="l">0</subfield>
    <subfield code="o">VAN 779.2</subfield>
    <subfield code="p">2024-0900</subfield>
    <subfield code="r">2024-07-01 08:09:04</subfield>
    <subfield code="t">5</subfield>
    <subfield code="w">2024-07-01</subfield>
    <subfield code="y">KHB</subfield>
  </datafield>
  <datafield tag="952" ind1=" " ind2=" ">
    <subfield code="0">0</subfield>
    <subfield code="1">0</subfield>
    <subfield code="2">ddc</subfield>
    <subfield code="4">0</subfield>
    <subfield code="7">0</subfield>
    <subfield code="8">Khmer-English Bilingual </subfield>
    <subfield code="a">001</subfield>
    <subfield code="b">001</subfield>
    <subfield code="c">OKHR</subfield>
    <subfield code="d">2024-07-01</subfield>
    <subfield code="l">0</subfield>
    <subfield code="o">VAN 779.2</subfield>
    <subfield code="p">FISTK03479</subfield>
    <subfield code="r">2024-07-01 08:09:27</subfield>
    <subfield code="t">6</subfield>
    <subfield code="w">2024-07-01</subfield>
    <subfield code="y">KHB</subfield>
  </datafield>
  <datafield tag="952" ind1=" " ind2=" ">
    <subfield code="0">0</subfield>
    <subfield code="1">0</subfield>
    <subfield code="2">ddc</subfield>
    <subfield code="4">0</subfield>
    <subfield code="7">0</subfield>
    <subfield code="8">Khmer-English Bilingual </subfield>
    <subfield code="a">001</subfield>
    <subfield code="b">001</subfield>
    <subfield code="c">OKHR</subfield>
    <subfield code="d">2024-07-12</subfield>
    <subfield code="l">1</subfield>
    <subfield code="o">VAN 779.2</subfield>
    <subfield code="p">FISTK03477</subfield>
    <subfield code="r">2025-02-14 14:19:03</subfield>
    <subfield code="s">2024-12-04</subfield>
    <subfield code="t">7</subfield>
    <subfield code="w">2024-07-12</subfield>
    <subfield code="y">KHB</subfield>
  </datafield>
  <datafield tag="952" ind1=" " ind2=" ">
    <subfield code="0">0</subfield>
    <subfield code="1">0</subfield>
    <subfield code="2">ddc</subfield>
    <subfield code="4">0</subfield>
    <subfield code="7">0</subfield>
    <subfield code="8">Khmer-English Bilingual </subfield>
    <subfield code="a">002</subfield>
    <subfield code="b">002</subfield>
    <subfield code="c">OKHR</subfield>
    <subfield code="d">2025-10-24</subfield>
    <subfield code="l">0</subfield>
    <subfield code="o">VAN 779.2</subfield>
    <subfield code="p">FISBK073223</subfield>
    <subfield code="r">2025-10-24 14:24:34</subfield>
    <subfield code="t">8</subfield>
    <subfield code="w">2025-10-24</subfield>
    <subfield code="y">KHB</subfield>
  </datafield>
</record>
